Regionálna komparácia Okunovho koeficientu

Analýza regiónov Slovenska na účely porovnania citlivosti nezamestnanosti k hospodárskemu rastu. Odhad Okunovho koeficientu v jednotlivých krajoch Slovenska. Použitie metodológie viacrovnicového modelu - modelu so zdanlivo nesúvisiacimi náhodnými zložkami (SUR model).

Gespeichert in:
Bibliographische Detailangaben
1. Verfasser: Surmanová, Kvetoslava
Format: Buchkapitel
Sprache:Slowakisch
Schlagworte:
Tags: Tag hinzufügen
Keine Tags, Fügen Sie das erste Tag hinzu!

MARC

LEADER 00000nla a2200000 4500
001 0212519
005 20240502083532.2
041 0 |a slo 
044 |a CZ 
245 1 0 |a Regionálna komparácia Okunovho koeficientu  |c Kvetoslava Surmanová 
520 |a Analýza regiónov Slovenska na účely porovnania citlivosti nezamestnanosti k hospodárskemu rastu. Odhad Okunovho koeficientu v jednotlivých krajoch Slovenska. Použitie metodológie viacrovnicového modelu - modelu so zdanlivo nesúvisiacimi náhodnými zložkami (SUR model). 
610 2 0 |a analýza empirická 
610 2 0 |a modely 
610 2 0 |a nezamestnanosť 
610 2 0 |a produkt domáci hrubý 
610 2 0 |a regióny 
610 2 0 |a porovnanie regionálne 
610 2 0 |a Slovensko 
100 1 |a Surmanová, Kvetoslava